Britain and The British People (Record no. 1367790)
[ view plain ]
| 000 -LEADER | |
|---|---|
| fixed length control field | 00729nam a2200289Ia 4500 |
| 008 - FIXED-LENGTH DATA ELEMENTS--GENERAL INFORMATION | |
| fixed length control field | 160321s9999||||xx |||||||||||||| ||und|| |
| 040 ## - CATALOGING SOURCE | |
| Transcribing agency | English |
| 082 ## - DEWEY DECIMAL CLASSIFICATION NUMBER | |
| Classification number | XI.A/Barker |
| 082 ## - DEWEY DECIMAL CLASSIFICATION NUMBER | |
| Item number | BORI-66427 |
| 100 ## - MAIN ENTRY--PERSONAL NAME | |
| Personal name | Ernest Barker |
| 245 ## - TITLE STATEMENT | |
| Title | Britain and The British People |
| 250 ## - EDITION STATEMENT | |
| Remainder of edition statement | Third |
| 260 ## - PUBLICATION, DISTRIBUTION, ETC. (IMPRINT) | |
| Name of publisher, distributor, etc | Oxford University Press |
| 260 ## - PUBLICATION, DISTRIBUTION, ETC. (IMPRINT) | |
| Date of publication, distribution, etc | 1944 |
| 300 ## - PHYSICAL DESCRIPTION | |
| Extent | 141 |
| 300 ## - PHYSICAL DESCRIPTION | |
| Dimensions | A |
| 300 ## - PHYSICAL DESCRIPTION | |
| Accompanying material | Paperback |
| 530 ## - ADDITIONAL PHYSICAL FORM AVAILABLE NOTE | |
| Uniform Resource Identifier | <a href="00074726.pdf">00074726.pdf</a> |
| 563 ## - BINDING INFORMATION | |
| Binding note | Study |
| 600 ## - SUBJECT ADDED ENTRY--PERSONAL NAME | |
| Personal name | Ernest Barker |
| 630 ## - SUBJECT ADDED ENTRY--UNIFORM TITLE | |
| Uniform title | Britain and The British People |
| 650 ## - SUBJECT ADDED ENTRY--TOPICAL TERM | |
| Topical term or geographic name as entry element | "Politics, History and Historiography" |
| 650 ## - SUBJECT ADDED ENTRY--TOPICAL TERM | |
| Topical term or geographic name as entry element | General Indology |
| 700 ## - ADDED ENTRY--PERSONAL NAME | |
| Personal name | Ernest Barker |
| 730 ## - ADDED ENTRY--UNIFORM TITLE | |
| Uniform title | Britain and The British People |
| 942 ## - ADDED ENTRY ELEMENTS (KOHA) | |
| Koha item type | Book |
| Withdrawn status | Lost status | Damaged status | Not for loan | Home library | Current library | Date acquired | Total Checkouts | Full call number | Barcode | Date last seen | Price effective from | Koha item type |
|---|---|---|---|---|---|---|---|---|---|---|---|---|
| Bhandarkar Oriental Research Institute, Pune | Bhandarkar Oriental Research Institute, Pune | 08/03/1991 | BORI-66427 | BORI-66427 | 03/21/2016 | 03/21/2016 | Book |